| 000 | 00534nam a2200181 a 4500 | ||
|---|---|---|---|
| 005 | 20140310183207.0 | ||
| 008 | 030203s19uu xx 00 eng d | ||
| 020 | _a0071387633 | ||
| 050 |
_aR 724 _b.J66 2002 |
||
| 100 | _aJonsen, Albert R. | ||
| 245 |
_aClinical ethics : _ba practical approach to ethical decisions in clinical medicine / _cAlbert R. Jonsen. |
||
| 250 | _a5th | ||
| 260 |
_aNew York : _bMcGraw-Hill, _c2002. |
||
| 300 |
_a202 p. : _c22 cm. |
||
| 650 | _aMedical ethics | ||
| 942 |
_cBK _2lcc _kFOR |
||
| 999 |
_c20021 _d20021 |
||